| 000 | 00000nam##2200000za#4500 |
| 001 | 9.604066 |
| 003 | CaOODSP |
| 005 | 20210624211403 |
| 007 | cr ||||||||||| |
| 008 | 150406|2007||||xxc|||||o f|0| 0 fre|d |
| 022 | |a1488-545X |
| 040 | |aCaOODSP|bfre |
| 043 | |an-cn--- |
| 086 | 1 |aFs97-6/2744F-PDF |
| 110 | 1 |aCanada. |bMinistère des pêches et des océans. |
| 245 | 10|aRapport d'aperçu et d'évaluation de l'écosystème marin de l'estuaire et du golfe du Saint-Laurent / |h[ressource électronique]|cR. Dufour et P. Ouellet, éditeurs. |
| 260 | |aMont-Joli - Québec : |bPêches et Océans Canada |cc2007. |
| 300 | |a132p.|bcartes en couleur, figures, références, tableaux |
| 490 | 1 |aRapport technique canadien des sciences halieutiques et aquatiques|x1488-545X|vN° 2744 |
| 500 | |aLe n° de catalogue (Fs97-6/2744F) de l'édition imprimée a été incorrectement copié dans cette édition électronique. |
| 546 | |a(Abstract in English) |
| 590 | |a12-24-Supp|b2012-05-30 |
| 720 | 1 |aDufour, R. |
| 720 | 1 |aOuellet, P. |
| 775 | 08|tEstuary and Gulf of St. Lawrence marine ecosystem overview and assessment report / |w(CaOODSP)9.574302 |
| 776 | 0#|tRapport d'aperçu et d'évaluation de l'écosystème marin de l'estuaire et du golfe du Saint-Laurent / |w(CaOODSP)9.627645 |
| 830 | #0|aRapport technique canadien des sciences halieutiques et aquatiques,|x1488-545X|vN° 2744|w(CaOODSP)9.500867 |
| 856 | 40|ahttp://publications.gc.ca|qPDF|s2.48 Mo|uhttps://publications.gc.ca/collections/collection_2012/mpo-dfo/Fs97-6-2744-fra.pdf|yN° 2744 |